000 01071nmb a2200277uu 4500
001 02670
003 HDC
007 cr ca aaaau
008 201216p2013 uk ||||| |||| 00| 0 eng d
040 _aHDC
100 _aMuhammad Mohsin Butt
_eauthor
_9193
245 0 _aIncorporating attitude towards Halal banking in an integrated service quality, satisfaction, trust and loyalty model in online Islamic banking context /
_cMuhammad Mohsin Butt , Muhammad Aftab
260 _aBingley, U.K :
_bEmerald Group Publishing Limited
_c2013
300 _a1 online resources (20 pages)
336 _atext
_2rdacontent
337 _acomputer
_2rdamedia
338 _aonline resource
_2rdacarrier
650 _aHalal banking
_9281
650 _aIslamic banking
_9270
650 _aOnline islamic banking
_9282
700 _aMuhammad Aftab
_eauthor
_9283
856 _zRequest full-text at [email protected]
942 _2lcc
942 _cAR
942 _kJART 001001
999 _c57
_d57